[Event "Czech open A"]
[Site "?"]
[Date "2013.07.21"]
[Round "3.59"]
[White "Mammadov, Zaur"]
[Black "Mukashev, Assan"]
[Result "1/2-1/2"]
[WhiteElo "2437"]
[BlackElo "2247"]
[PlyCount "102"]
[EventDate "2013.??.??"]
[TimeControl "6000+1230"]
[WhiteClock "0:18:04"]
[BlackClock "0:26:14"]

1. d4 e6 2. Nf3 b6 3. g3 Bb7 4. Bg2 c5 5. c3 Nf6 6. O-O Be7 7. b3 O-O 8. Bb2
cxd4 9. cxd4 d5 10. Ne5 Nbd7 11. Nd2 Rc8 12. e3 Qc7 13. Rc1 Qb8 14. f4 Rxc1 15.
Qxc1 Rc8 16. Qb1 Ba6 17. Rc1 Nxe5 18. dxe5 Ng4 19. Bd4 Bc5 20. Bh3 Nxe3 21.
Rxc5 bxc5 22. Bxe3 d4 23. Bf2 c4 24. Bxd4 c3 25. Nf3 Qb5 26. Qc2 Qe2 27. Qxe2
Bxe2 28. Ne1 c2 29. Nxc2 Rxc2 30. Bxa7 Rxa2 31. Bc5 Bf3 32. b4 Rb2 33. Bf1 Bc6
34. h4 h5 35. Bh3 Kh7 36. Bf1 Kg8 37. Bd6 f5 38. exf6 gxf6 39. Bc4 Bd5 40. Bf1
Kf7 41. b5 Ke8 42. Bc5 f5 43. Bd6 Kd7 44. Be5 Ra2 45. Bd4 Kc7 46. Be3 Kd6 47.
Bd4 Be4 48. b6 Kc6 49. Be3 Kb7 50. Bh3 Bd5 51. Bf1 Be4 1/2-1/2

[Event "Czech open A"]
[Site "?"]
[Date "2013.07.21"]
[Round "3.60"]
[White "Wagener, Claude"]
[Black "Vassallo Barroche, Mauricio"]
[Result "1/2-1/2"]
[WhiteElo "2240"]
[BlackElo "2434"]
[PlyCount "81"]
[EventDate "2013.??.??"]
[TimeControl "6000+1635"]
[WhiteClock "0:45:26"]
[BlackClock "0:48:55"]

1. e4 d6 2. d4 Nf6 3. Nc3 c6 4. f4 Qa5 5. Bd3 e5 6. Nf3 exd4 7. Nxd4 g6 8. Nf3
Bg7 9. O-O O-O 10. Kh1 Nbd7 11. Qe1 Re8 12. Bd2 Qc7 13. Qh4 b5 14. Rae1 b4 15.
Nd1 Nc5 16. Nf2 d5 17. e5 Nfe4 18. Bxe4 Nxe4 19. Nxe4 dxe4 20. Ng5 h5 21. Nxe4
c5 22. Be3 Qc6 23. Nd6 Ba6 24. Nxe8 Bxf1 25. Rxf1 Rxe8 26. Qf2 Bf8 27. h3 a5
28. c4 bxc3 29. bxc3 Qd5 30. Qc2 Rd8 31. Rf2 Qd1+ 32. Kh2 Qxc2 33. Rxc2 Rd3 34.
Bc1 c4 35. Kg1 Bc5+ 36. Kf1 a4 37. Bd2 Kf8 38. Ke2 Rg3 39. Kf1 Rd3 40. Ke2 Rg3
41. Kf1 1/2-1/2

[Event "Czech open A"]
[Site "?"]
[Date "2013.07.21"]
[Round "3.61"]
[White "Dorst, Johannes"]
[Black "Belyakov, Bogdan"]
[Result "0-1"]
[WhiteElo "2236"]
[BlackElo "2430"]
[PlyCount "60"]
[EventDate "2013.??.??"]
[TimeControl "6000+1045"]
[WhiteClock "0:02:31"]
[BlackClock "0:31:10"]

1. d4 Nf6 2. c4 g6 3. g3 Bg7 4. Bg2 O-O 5. Nc3 d6 6. Nf3 c5 7. O-O Nc6 8. h3
Bf5 9. g4 cxd4 10. Nb5 Be4 11. Nbxd4 Nxd4 12. Qxd4 d5 13. cxd5 Qxd5 14. Qb4
Rfe8 15. Be3 a5 16. Qd4 e5 17. Qd2 a4 18. Rfd1 Qb5 19. Rac1 Bf8 20. Bf1 Bb4 21.
Rc3 Nd5 22. Ng5 Bxc3 23. bxc3 Nxe3 24. Nxe4 Nxd1 25. Qh6 Qb6 26. e3 Rac8 27.
Bb5 Red8 28. g5 Rd6 29. c4 Nxe3 30. Bd7 Qb1+ 0-1

[Event "Czech open A"]
[Site "?"]
[Date "2013.07.21"]
[Round "3.62"]
[White "Wenninger, Philipp"]
[Black "Sipila, Vilka"]
[Result "0-1"]
[WhiteElo "2229"]
[BlackElo "2423"]
[PlyCount "86"]
[EventDate "2013.??.??"]
[TimeControl "6000+1030"]
[WhiteClock "0:29:44"]
[BlackClock "1:02:50"]

1. d4 e6 2. c4 Bb4+ 3. Bd2 a5 4. g3 d5 5. Qc2 Nc6 6. Nf3 dxc4 7. Qxc4 Nge7 8.
Bg2 b5 9. Qc2 Rb8 10. O-O Ba6 11. Rd1 h6 12. a3 Bxd2 13. Nbxd2 a4 14. Ne4 Na5
15. Nc5 Bb7 16. Nxb7 Rxb7 17. Qc3 c6 18. d5 Nxd5 19. Qxg7 Qf6 20. Qxf6 Nxf6 21.
Ne5 Rc7 22. Rac1 c5 23. Rd6 O-O 24. Rb6 Rd8 25. Rxb5 Nb3 26. Re1 Rd2 27. Rb8+
Kg7 28. Ra8 Rxb2 29. Rxa4 Ra2 30. e3 Nd2 31. Rc1 c4 32. Nxc4 Ng4 33. Rb4 Nxf2
34. Kxf2 Nb3+ 35. Kf3 Nxc1 36. Nd6 Rcc2 37. Bh3 Rxh2 38. Rg4+ Kf8 39. Rh4 f5
40. e4 Rxa3+ 41. Kf4 Nd3+ 42. Ke3 Ne5+ 43. Kf4 Ng6# 0-1

[Event "Czech open A"]
[Site "?"]
[Date "2013.07.21"]
[Round "3.63"]
[White "Seger, Ruediger"]
[Black "Peterson, Eric"]
[Result "1-0"]
[WhiteElo "2393"]
[BlackElo "2239"]
[PlyCount "125"]
[EventDate "2013.??.??"]
[TimeControl "6000+990"]
[WhiteClock "0:35:10"]
[BlackClock "0:24:31"]

1. e4 e6 2. d4 d5 3. Nd2 c5 4. exd5 exd5 5. Ngf3 Nc6 6. Bb5 Bd6 7. dxc5 Bxc5 8.
O-O Nge7 9. Nb3 Bd6 10. Bg5 O-O 11. Re1 Qc7 12. c3 f6 13. Bh4 a6 14. Be2 Bd7
15. Bg3 Ne5 16. Nbd4 Rfe8 17. Nd2 Rac8 18. Nf1 Kh8 19. Qc2 Qb6 20. Qb3 Bc5 21.
Rad1 Qxb3 22. axb3 N7c6 23. Ne3 Ne7 24. Bf1 Kg8 25. f3 Kf7 26. Bf2 Red8 27. Rd2
a5 28. Red1 Ke8 29. Ne2 a4 30. f4 N5g6 31. Nxd5 Bxf2+ 32. Kxf2 Nxd5 33. Rxd5
axb3 34. g3 Ne7 35. R5d2 Nc6 36. Ke3 Na5 37. Nc1 Ke7 38. Rxd7+ Rxd7 39. Rxd7+
Kxd7 40. Bh3+ Kc7 41. Bxc8 Kxc8 42. Kd4 b6 43. c4 Kc7 44. Kc3 Kd6 45. Nxb3 Nc6
46. Nd4 Ne7 47. Kb4 g6 48. Kb5 Nc8 49. b4 h6 50. Nc2 Kc7 51. c5 Na7+ 52. Kc4
bxc5 53. Kxc5 Nc8 54. Nd4 g5 55. Nf5 h5 56. h4 gxf4 57. gxf4 Kd7 58. b5 Kc7 59.
Ng3 Ne7 60. Nxh5 Ng6 61. Nxf6 Nxh4 62. Nd5+ Kb7 63. Kd6 1-0

[Event "Czech open A"]
[Site "?"]
[Date "2013.07.21"]
[Round "3.64"]
[White "Travkina, Anastasia"]
[Black "Potapov, Alexander"]
[Result "0-1"]
[WhiteElo "2216"]
[BlackElo "2389"]
[PlyCount "92"]
[EventDate "2013.??.??"]
[TimeControl "6000+1350"]
[WhiteClock "0:05:20"]
[BlackClock "0:31:39"]

1. e4 c5 2. Nf3 Nc6 3. d4 cxd4 4. Nxd4 e5 5. Nb5 d6 6. N1c3 a6 7. Na3 Be7 8.
Nc4 b5 9. Ne3 Nf6 10. Bd3 O-O 11. O-O Be6 12. a4 b4 13. Ncd5 Nd7 14. Nxe7+ Nxe7
15. Bd2 Qb8 16. f4 exf4 17. Nd5 Ng6 18. Nxb4 a5 19. Nd5 Bxd5 20. exd5 Qxb2 21.
Bxf4 Nxf4 22. Rxf4 Ne5 23. Rb1 Qc3 24. Rb3 Qc5+ 25. Kh1 g6 26. Rb5 Qa7 27. h3
f5 28. Qd2 Rfc8 29. Kh2 Rc5 30. Rxc5 Qxc5 31. Bb5 Rc8 32. c4 Qb6 33. Qe2 Rc7
34. Qd2 Rf7 35. Rf1 Kg7 36. Kh1 h6 37. Rc1 Rc7 38. Qe2 f4 39. Qe4 f3 40. gxf3
Qf2 41. c5 Nxf3 42. Qf4 Rf7 43. Qxd6 Qh4 44. Bd7 Qe4 45. Qe6 Ne5+ 46. Kh2 Rf2+
0-1

[Event "Czech open A"]
[Site "?"]
[Date "2013.07.21"]
[Round "3.65"]
[White "Bivol, Alina"]
[Black "Kanovsky, David"]
[Result "1/2-1/2"]
[WhiteElo "2207"]
[BlackElo "2389"]
[PlyCount "106"]
[EventDate "2013.??.??"]
[TimeControl "6000+975"]
[WhiteClock "0:51:19"]
[BlackClock "0:12:19"]

1. e4 c5 2. Nf3 e6 3. d4 cxd4 4. Nxd4 a6 5. Bd3 d6 6. c4 Nf6 7. Nc3 Be7 8. b3
O-O 9. O-O Bd7 10. Bb2 Nc6 11. Nxc6 Bxc6 12. Qe2 Re8 13. Rad1 Qa5 14. f4 Nd7
15. Kh1 Rad8 16. a3 Qc7 17. b4 b6 18. Rc1 Qb8 19. Rce1 Bh4 20. Rd1 Bf6 21. e5
dxe5 22. Be4 Bxe4 23. Nxe4 Be7 24. fxe5 Nxe5 25. Rxd8 Rxd8 26. Qh5 Ng6 27. Qf3
f5 28. Ng3 Qd6 29. Nh5 Bf8 30. Re1 Qd3 31. Qxd3 Rxd3 32. g3 Kf7 33. Re2 e5 34.
Bxe5 Nxe5 35. Rxe5 g6 36. Nf4 Rxa3 37. Nd5 a5 38. bxa5 bxa5 39. Nb6 Ra2 40. Rb5
a4 41. Ra5 a3 42. c5 Ke6 43. Nc4 Ra1+ 44. Kg2 a2 45. Ra6+ Kd5 46. Ne3+ Kxc5 47.
Nc2 Rd1 48. Rxa2 Rd2+ 49. Kh3 Bd6 50. Ra5+ Kb6 51. Ne3 Rxh2+ 52. Kxh2 Bxg3+ 53.
Kxg3 Kxa5 1/2-1/2

[Event "Czech open A"]
[Site "?"]
[Date "2013.07.21"]
[Round "3.66"]
[White "Nun, Jiri"]
[Black "Gergel, Vladimir"]
[Result "1/2-1/2"]
[WhiteElo "2387"]
[BlackElo "2229"]
[PlyCount "84"]
[EventDate "2013.??.??"]
[TimeControl "6000+1045"]
[WhiteClock "0:34:37"]
[BlackClock "0:39:00"]

1. e4 d5 2. exd5 Qxd5 3. Nc3 Qd6 4. g3 c6 5. d4 Nf6 6. Bg2 Bg4 7. Nge2 e6 8.
O-O Qd8 9. h3 Bh5 10. a3 Nbd7 11. f4 h6 12. g4 Bg6 13. f5 exf5 14. gxf5 Bh5 15.
Qd3 Bxe2 16. Qxe2+ Be7 17. Re1 Nb6 18. Qe5 Kf8 19. Qf4 Bd6 20. Qf3 Bc7 21. Ne2
Kg8 22. b3 Kh7 23. c4 Re8 24. Be3 Qd7 25. Nc3 Qd6 26. Kf1 Qd7 27. Bf2 Rxe1+ 28.
Rxe1 Re8 29. Rxe8 Qxe8 30. Ne4 Nbd7 31. Nd2 a5 32. b4 axb4 33. axb4 Qe7 34. c5
Nd5 35. b5 N7f6 36. bxc6 bxc6 37. Ne4 Nxe4 38. Qxe4 Qg5 39. Bf3 Qc1+ 40. Qe1
Qc4+ 41. Qe2 Qc1+ 42. Qe1 Qc4+ 1/2-1/2

[Event "Czech open A"]
[Site "?"]
[Date "2013.07.21"]
[Round "3.67"]
[White "Mueer, Sebastian"]
[Black "Usmanov, Vasily"]
[Result "1/2-1/2"]
[WhiteElo "2202"]
[BlackElo "2386"]
[PlyCount "29"]
[EventDate "2013.??.??"]
[TimeControl "6000+1070"]
[WhiteClock "0:51:30"]
[BlackClock "1:01:32"]

1. c4 e6 2. g3 Nf6 3. Nf3 d5 4. d4 Be7 5. Bg2 O-O 6. O-O dxc4 7. Qc2 a6 8. a4
Nc6 9. Qxc4 a5 10. Rd1 Qd5 11. Nbd2 Bd7 12. e3 Qxc4 13. Nxc4 Rfd8 14. Nfe5 Nxe5
15. Nxe5 1/2-1/2

[Event "Czech open A"]
[Site "?"]
[Date "2013.07.21"]
[Round "3.68"]
[White "Pasiev, Rakhim"]
[Black "Sanders, Isaac"]
[Result "1/2-1/2"]
[WhiteElo "2384"]
[BlackElo "2210"]
[PlyCount "82"]
[EventDate "2013.??.??"]
[TimeControl "6000+785"]
[WhiteClock "0:36:10"]
[BlackClock "0:33:09"]

1. e4 c5 2. Nf3 e6 3. Nc3 d6 4. d4 cxd4 5. Nxd4 Nf6 6. Be3 a6 7. a4 b6 8. f4
Bb7 9. Qf3 Nbd7 10. Bd3 Nc5 11. O-O Be7 12. Kh1 O-O 13. Rae1 Qd7 14. b3 Rac8
15. Bd2 d5 16. e5 Nfe4 17. Bxe4 Nxe4 18. Nxe4 dxe4 19. Qf2 Bc5 20. Be3 Bxd4 21.
Bxd4 e3 22. Bxe3 Qc6 23. c4 b5 24. cxb5 axb5 25. Rc1 Qd5 26. Bc5 Rfd8 27. Be7
Rxc1 28. Rxc1 Ra8 29. Qc2 bxa4 30. bxa4 Qd7 31. Bd6 Rxa4 32. Qb2 Ra8 33. h3 Rc8
34. Rxc8+ Qxc8 35. Kh2 h6 36. Qf2 Qc6 37. Qe2 Qd5 38. Qf2 Qe4 39. Qg3 Kh7 40.
Bf8 g6 41. Be7 Bd5 1/2-1/2

[Event "Czech open A"]
[Site "?"]
[Date "2013.07.21"]
[Round "3.69"]
[White "Pechac, Jergus"]
[Black "Seyb, Alexander"]
[Result "1/2-1/2"]
[WhiteElo "2182"]
[BlackElo "2380"]
[PlyCount "72"]
[EventDate "2013.??.??"]
[TimeControl "6000+825"]
[WhiteClock "0:48:44"]
[BlackClock "0:02:53"]

1. d4 Nf6 2. Nf3 g6 3. g3 Bg7 4. Bg2 O-O 5. c4 d5 6. Nc3 dxc4 7. e4 c5 8. d5
Nbd7 9. Qe2 a6 10. a4 Ng4 11. Bf4 Nge5 12. Nxe5 Nxe5 13. Bxe5 Bxe5 14. O-O Bd7
15. Qxc4 Qb6 16. Ne2 Qxb2 17. Rab1 Qa3 18. Rxb7 Qxa4 19. Qxa4 Bxa4 20. Rxe7 Bd6
21. Rb7 Rfb8 22. Rfb1 Bc2 23. Rxb8+ Rxb8 24. Rxb8+ Bxb8 25. f4 f6 26. Nc3 g5
27. Bf1 a5 28. Nb5 Bxe4 29. d6 Bc6 30. Nc7 gxf4 31. gxf4 a4 32. Kf2 a3 33. Ke3
Kf8 34. Bc4 Bxc7 35. dxc7 Bd7 36. Ke4 Ke7 1/2-1/2

[Event "Czech open A"]
[Site "?"]
[Date "2013.07.21"]
[Round "3.70"]
[White "Akkozov, Berik"]
[Black "Muhsen, Abulla Mohmmed"]
[Result "1-0"]
[WhiteElo "2377"]
[BlackElo "2203"]
[PlyCount "59"]
[EventDate "2013.??.??"]
[TimeControl "6000+745"]
[WhiteClock "0:59:20"]
[BlackClock "0:44:20"]

1. Nf3 f5 2. g3 Nf6 3. Bg2 e6 4. O-O d5 5. c4 c6 6. d3 Bd6 7. Nc3 O-O 8. e4
dxe4 9. dxe4 Bc7 10. Qc2 Na6 11. e5 Nd7 12. Bf4 Nb4 13. Qe2 a5 14. a3 Na6 15.
b4 Rb8 16. Nd4 Qe7 17. b5 cxb5 18. Nxe6 b4 19. Nb5 Ndc5 20. Nexc7 g5 21. Nd5
Qg7 22. axb4 axb4 23. Nf6+ Kh8 24. Be3 Be6 25. f4 gxf4 26. Rxf4 b3 27. Rh4 Rxf6
28. exf6 Qf7 29. Nd6 Qd7 30. f7 1-0

[Event "Czech open A"]
[Site "?"]
[Date "2013.07.21"]
[Round "3.71"]
[White "Klenburg, Mikhail"]
[Black "Nguyen, Thai Dai Van"]
[Result "1/2-1/2"]
[WhiteElo "2368"]
[BlackElo "2176"]
[PlyCount "80"]
[EventDate "2013.??.??"]
[TimeControl "6000+790"]
[WhiteClock "0:37:23"]
[BlackClock "0:33:05"]

1. e4 e5 2. Nf3 Nf6 3. Nc3 Bb4 4. d3 d5 5. exd5 Nxd5 6. Bd2 O-O 7. Be2 Nc6 8.
O-O Be6 9. a3 Nxc3 10. bxc3 Be7 11. Re1 f5 12. Bf1 Bf6 13. Rb1 b6 14. Qc1 Bd5
15. Ng5 h6 16. Nh3 Qd7 17. c4 Be6 18. f3 Rad8 19. Bc3 e4 20. Bxf6 Rxf6 21. fxe4
fxe4 22. Rxe4 Bxh3 23. gxh3 Nd4 24. Bg2 Rdf8 25. Kh1 Nf3 26. Rg4 Qd6 27. Rg3
Nd4 28. Qd1 Nf5 29. Rf3 Qd4 30. Qe1 Nh4 31. Rxf6 Qxf6 32. Qg3 Nxg2 33. Qxg2 Qf2
34. Rg1 Qf3 35. Qxf3 Rxf3 36. Kg2 Re3 37. Rf1 Re2+ 38. Rf2 Re1 39. Rf1 Re2+ 40.
Rf2 Re1 1/2-1/2

[Event "Czech open A"]
[Site "?"]
[Date "2013.07.21"]
[Round "3.72"]
[White "Chos, Alexey"]
[Black "Tennert, Simon"]
[Result "1-0"]
[WhiteElo "2362"]
[BlackElo "2147"]
[PlyCount "81"]
[EventDate "2013.??.??"]
[TimeControl "6000+630"]
[WhiteClock "1:43:47"]
[BlackClock "0:09:52"]

1. d4 Nf6 2. c4 c5 3. Nf3 g6 4. d5 e6 5. Nc3 exd5 6. cxd5 d6 7. g3 Bg7 8. Bg2
O-O 9. O-O Re8 10. Bf4 a6 11. a4 Nh5 12. Bg5 Qc7 13. Nd2 h6 14. Be3 Nd7 15. Nc4
Nb6 16. Nxb6 Qxb6 17. Qc1 Kh7 18. a5 Qc7 19. Re1 Bd7 20. Bd2 Nf6 21. Na4 Bb5
22. e4 Ng4 23. Bc3 Ne5 24. Nb6 Rad8 25. Qc2 c4 26. h3 Qc5 27. Qd2 Nd3 28. Bxg7
Kxg7 29. Qc3+ Kg8 30. Re3 Ne5 31. Rc1 h5 32. b4 cxb3 33. Qxc5 dxc5 34. Rxb3 c4
35. Re3 Re7 36. Rcc3 Rc7 37. f4 Nd3 38. Rexd3 cxd3 39. Rxc7 d2 40. Bf3 f5 41.
e5 1-0

[Event "Czech open A"]
[Site "?"]
[Date "2013.07.21"]
[Round "3.73"]
[White "Chernyshova, Natalia"]
[Black "Vastrukhin, Oleg"]
[Result "0-1"]
[WhiteElo "2109"]
[BlackElo "2360"]
[PlyCount "86"]
[EventDate "2013.??.??"]
[TimeControl "6000+805"]
[WhiteClock "0:28:46"]
[BlackClock "0:36:36"]

1. e4 e6 2. d4 d5 3. Nd2 Nf6 4. Bd3 c5 5. e5 Nfd7 6. c3 Nc6 7. Ne2 Qb6 8. Nf3
cxd4 9. cxd4 f6 10. exf6 Nxf6 11. O-O Bd6 12. a3 O-O 13. b4 e5 14. dxe5 Nxe5
15. Ned4 Bg4 16. Be2 Rae8 17. Be3 Qd8 18. h3 Bh5 19. Re1 Nc4 20. Bg5 Bb8 21.
Bh4 Nd6 22. Ng5 Bxe2 23. Rxe2 Nde4 24. Nxe4 dxe4 25. Qb3+ Kh8 26. Rd1 Qb6 27.
Nf5 Nh5 28. Ne3 h6 29. Rc2 g5 30. Nc4 Qf6 31. Bg3 Nxg3 32. fxg3 a6 33. Qe3 b5
34. Na5 Qe5 35. Kh2 Qg7 36. Nc6 Bc7 37. Rcd2 Rf7 38. Rd5 Qf6 39. Nd8 Rxd8 40.
Rxd8+ Bxd8 41. Qxe4 Bc7 42. Rd3 Kg7 43. Rf3 Qe5 0-1

[Event "Czech open A"]
[Site "?"]
[Date "2013.07.21"]
[Round "3.74"]
[White "Savitskiy, Sergey"]
[Black "Kearns, Christopher"]
[Result "0-1"]
[WhiteElo "2351"]
[BlackElo "2129"]
[PlyCount "71"]
[EventDate "2013.??.??"]
[TimeControl "6000+2235"]
[WhiteClock "0:55:35"]
[BlackClock "0:04:49"]

1. e4 c5 2. Nf3 e6 3. d4 cxd4 4. Nxd4 Nc6 5. Nc3 Nf6 6. Nxc6 bxc6 7. e5 Nd5 8.
Ne4 Qc7 9. f4 Qb6 10. c4 Bb4+ 11. Ke2 f5 12. Nf2 Ba6 13. Kf3 Ne7 14. Be3 Bc5
15. Bxc5 Qxc5 16. Qd6 Qxd6 17. exd6 Ng8 18. b3 c5 19. Nd3 Rc8 20. Ne5 Nf6 21.
Be2 O-O 22. Ke3 Bb7 23. Rhg1 g5 24. fxg5 f4+ 25. Kxf4 Ne4+ 26. Ke3 Rf5 27. Nf3
Nxd6 28. Rad1 Rxf3+ 29. Bxf3 Nf5+ 30. Kf2 Bxf3 31. Kxf3 d6 32. Ke4 Rd8 33. Rgf1
Ne7 34. Rf6 d5+ 35. Ke5 d4 36. Kxe6 0-1

[Event "Czech open A"]
[Site "?"]
[Date "2013.07.21"]
[Round "3.75"]
[White "Kyas, Philipp"]
[Black "Gutenev, Alexander"]
[Result "0-1"]
[WhiteElo "2036"]
[BlackElo "2350"]
[PlyCount "62"]
[EventDate "2013.??.??"]
[TimeControl "6000+1135"]
[WhiteClock "0:02:36"]
[BlackClock "0:10:08"]

1. d4 Nf6 2. c4 e6 3. Nc3 Bb4 4. e3 b6 5. Bd3 Bb7 6. Nf3 O-O 7. O-O c5 8. Bd2
cxd4 9. exd4 d5 10. cxd5 Bxc3 11. Bxc3 Qxd5 12. Re1 Nc6 13. Qc2 Rfd8 14. Rad1
b5 15. b3 Rac8 16. Qb1 a6 17. Bc2 Ne7 18. Bb4 Ng6 19. Re5 Qd7 20. Bxg6 hxg6 21.
Ne1 Qc7 22. Rc5 Qf4 23. Qc1 Qh4 24. Rxc8 Rxc8 25. Bc5 g5 26. Qe3 Nd5 27. Qg3
Qh5 28. Qf3 g4 29. Qg3 Nf6 30. b4 Ne4 31. Qe3 g3 0-1

[Event "Czech open A"]
[Site "?"]
[Date "2013.07.21"]
[Round "3.76"]
[White "Dauth, Benjamin"]
[Black "Walter, Florian"]
[Result "1-0"]
[WhiteElo "2349"]
[BlackElo "2117"]
[PlyCount "125"]
[EventDate "2013.??.??"]
[TimeControl "6000+1985"]
[WhiteClock "1:00:21"]
[BlackClock "0:14:47"]

1. e4 g6 2. d4 Bg7 3. c3 d6 4. f4 a6 5. Nf3 e6 6. Bd3 Ne7 7. O-O O-O 8. Kh1 Nd7
9. Qe1 b5 10. a4 Rb8 11. f5 exf5 12. exf5 Nxf5 13. axb5 Re8 14. Qf2 axb5 15.
Bxf5 gxf5 16. Nh4 Nf6 17. Nxf5 Ng4 18. Qg3 Bxf5 19. Rxf5 Qe7 20. Rf1 Qe2 21.
Kg1 h5 22. Bd2 Qe6 23. Ra7 Rec8 24. h3 Nf6 25. Bh6 Ne8 26. Bg5 Qg6 27. Qe3 Ra8
28. Rb7 Rcb8 29. Rxb8 Rxb8 30. Nd2 Nf6 31. Nf3 Nd5 32. Qf2 Rf8 33. Bd2 Bf6 34.
Nh4 Bxh4 35. Qxh4 Kh7 36. Kh2 Rg8 37. g4 Re8 38. Rf5 Re2+ 39. Kg1 f6 40. Qxh5+
Qxh5 41. Rxh5+ Kg6 42. Rxd5 Rxd2 43. Rxb5 c5 44. dxc5 dxc5 45. h4 c4 46. Rb6
Kg7 47. g5 fxg5 48. hxg5 Rd5 49. g6 Rf5 50. Kg2 Rf8 51. Kg3 Rf1 52. Kg4 Kh6 53.
Rb4 Rf2 54. Kg3 Re2 55. Kf3 Rd2 56. Rb6 Kg7 57. Ke4 Rg2 58. Ke5 Rg5+ 59. Kd4
Rg4+ 60. Kc5 Re4 61. Kd5 Rg4 62. Rb4 Kxg6 63. Rxc4 1-0

[Event "Czech open A"]
[Site "?"]
[Date "2013.07.21"]
[Round "3.77"]
[White "Konguvel, Ponnuswamy"]
[Black "Majer-Sen., Jiri"]
[Result "1-0"]
[WhiteElo "2319"]
[BlackElo "2024"]
[PlyCount "43"]
[EventDate "2013.??.??"]
[TimeControl "6000+1160"]
[WhiteClock "0:16:23"]
[BlackClock "0:53:57"]

1. e4 e5 2. Nf3 Nf6 3. d4 Nxe4 4. Bd3 d5 5. dxe5 Nd7 6. O-O Be7 7. c4 Ndc5 8.
cxd5 O-O 9. Bc2 Bf5 10. b4 Na6 11. Re1 Bxb4 12. Bxe4 Bxe1 13. Bxf5 Bb4 14.
Bxh7+ Kxh7 15. Ng5+ Kg6 16. Qd3+ f5 17. exf6+ Kxf6 18. Ne6 Qe8 19. Bg5+ Kf7 20.
Qd4 Rg8 21. Qf4+ Kg6 22. Qe4+ {Nc5} 1-0

[Event "Czech open A"]
[Site "?"]
[Date "2013.07.21"]
[Round "3.78"]
[White "Postupa, Pavel"]
[Black "Gretarsson, Hjoerrar Steinn"]
[Result "0-1"]
[WhiteElo "2229"]
[BlackElo "2511"]
[PlyCount "70"]
[EventDate "2013.??.??"]
[TimeControl "6000+1615"]
[WhiteClock "0:02:20"]
[BlackClock "0:30:26"]

1. e4 c5 2. Nf3 d6 3. d4 cxd4 4. Nxd4 Nf6 5. Nc3 a6 6. Be2 e5 7. Nb3 Be6 8. O-O
Be7 9. Kh1 Nbd7 10. f4 Rc8 11. f5 Bc4 12. Bxc4 Rxc4 13. Qd3 Qc8 14. Bg5 h6 15.
Be3 b5 16. a3 O-O 17. Nd2 Rc7 18. g4 Qa8 19. Rg1 Nc5 20. Bxc5 dxc5 21. g5 hxg5
22. Rxg5 Rd8 23. Qe3 b4 24. Rag1 bxc3 25. Rxg7+ Kf8 26. Qg3 Ke8 27. Qxc3 Rxd2
28. Rg8+ Bf8 29. Qxe5+ Re7 30. Qxf6 Qxe4+ 31. R8g2 Rxg2 32. Rxg2 Qf3 33. h4
Qh3+ 34. Kg1 Re1+ 35. Kf2 Qe3# 0-1

[Event "Czech open A"]
[Site "?"]
[Date "2013.07.21"]
[Round "3.79"]
[White "Jorczik, Julian Marcel"]
[Black "Jedlicka, Ales"]
[Result "1-0"]
[WhiteElo "2422"]
[BlackElo "2226"]
[PlyCount "125"]
[EventDate "2013.??.??"]
[TimeControl "6000+1570"]
[WhiteClock "0:03:03"]
[BlackClock "0:31:41"]

1. d4 Nf6 2. Nf3 e6 3. c4 Bb4+ 4. Nbd2 b6 5. a3 Bxd2+ 6. Bxd2 h6 7. g3 Bb7 8.
Bg2 O-O 9. O-O d6 10. b4 Nbd7 11. Bc3 Be4 12. Re1 a6 13. Bf1 b5 14. Nd2 d5 15.
cxb5 axb5 16. e3 c6 17. a4 bxa4 18. Rxa4 Qc7 19. Ra5 e5 20. dxe5 Nxe5 21. Qa1
Rae8 22. Rc1 Nfd7 23. Ra7 Qd6 24. Nxe4 dxe4 25. Rd1 Qe6 26. Rdxd7 Nxd7 27. Bxg7
Ne5 28. Bxf8 Nf3+ 29. Kg2 Rxf8 30. Qd1 Rb8 31. Be2 Ne5 32. Qd4 Qd5 33. b5 Nd3
34. Qxd5 cxd5 35. Bh5 Rxb5 36. Bxf7+ Kf8 37. Be6 Ne1+ 38. Kf1 Nf3 39. h4 d4 40.
exd4 Nxd4 41. Ba2 Re5 42. Rf7+ Ke8 43. Rf4 Nb5 44. Bf7+ Ke7 45. Bg6 Nc3 46.
Rf7+ Ke6 47. Rc7 Nb5 48. Rh7 e3 49. fxe3 Rxe3 50. Kf2 Ra3 51. Rxh6 Nd4 52. Kg2
Ke5 53. Rh5+ Kf6 54. Be4 Re3 55. Bd5 Nf5 56. Bf3 Nd4 57. Bg4 Ra3 58. Rd5 Nc2
59. Rd6+ Ke7 60. Re6+ Kf7 61. Re4 Ne3+ 62. Kf2 Nc2 63. Bd1 1-0

[Event "Czech open A"]
[Site "?"]
[Date "2013.07.21"]
[Round "3.80"]
[White "Jeitz, Christian"]
[Black "Repkova, Eva"]
[Result "1/2-1/2"]
[WhiteElo "2222"]
[BlackElo "2374"]
[PlyCount "32"]
[EventDate "2013.??.??"]
[TimeControl "6000+715"]
[WhiteClock "1:12:58"]
[BlackClock "0:52:11"]

1. e4 d5 2. exd5 Qxd5 3. Nc3 Qa5 4. d4 c6 5. Nf3 Nf6 6. Bd2 Bf5 7. Ne4 Qc7 8.
Nxf6+ gxf6 9. g3 e6 10. Bg2 Nd7 11. O-O Be4 12. Re1 Bd5 13. b3 b5 14. Qe2 Nb6
15. Ba5 Rc8 16. Rad1 Bg7 1/2-1/2

[Event "Czech open A"]
[Site "?"]
[Date "2013.07.21"]
[Round "3.81"]
[White "Sarkozy, Ladislav"]
[Black "Triapishko, Olexandr"]
[Result "0-1"]
[WhiteElo "2319"]
[BlackElo "2221"]
[PlyCount "44"]
[EventDate "2013.??.??"]
[TimeControl "6000+965"]
[WhiteClock "0:35:49"]
[BlackClock "0:25:11"]

1. Nf3 Nf6 2. d4 g6 3. c4 Bg7 4. Nc3 d5 5. cxd5 Nxd5 6. g3 Nb6 7. Bg2 Nc6 8. e3
O-O 9. O-O Re8 10. Re1 a5 11. a4 e5 12. dxe5 Nxe5 13. Nxe5 Bxe5 14. e4 Qxd1 15.
Rxd1 Be6 16. Nd5 Nxd5 17. exd5 Bg4 18. f3 Bf5 19. g4 Bc2 20. Rd2 Bb3 21. Ra3
Bc4 22. Bf1 Bd6 0-1

[Event "Czech open A"]
[Site "?"]
[Date "2013.07.21"]
[Round "3.82"]
[White "Bartos, Jan"]
[Black "Kholopov, Alexander A"]
[Result "1-0"]
[WhiteElo "2209"]
[BlackElo "2310"]
[PlyCount "79"]
[EventDate "2013.??.??"]
[TimeControl "6000+2575"]
[WhiteClock "0:36:33"]
[BlackClock "0:01:05"]

1. d4 Nf6 2. c4 e6 3. Nc3 Bb4 4. e3 O-O 5. Nge2 d5 6. a3 Be7 7. cxd5 exd5 8.
Nf4 c6 9. Bd3 Bd6 10. O-O Re8 11. f3 a5 12. Bc2 Bf8 13. e4 dxe4 14. fxe4 c5 15.
d5 Bd6 16. h3 Nbd7 17. Nh5 Nxh5 18. Qxh5 Ne5 19. Nb5 Bb8 20. Bf4 f6 21. Rad1
Bd7 22. Ba4 Qb6 23. Nc3 Bd6 24. Bxd7 Nxd7 25. Bxd6 Qxd6 26. Qe2 a4 27. Qb5 Ra6
28. Nxa4 Rxe4 29. Nc3 Re5 30. Qxb7 Rb6 31. Qc8+ Kf7 32. Rfe1 Rxb2 33. Rxe5 Nxe5
34. Ne4 Qd7 35. Qxc5 Re2 36. d6 Kg6 37. Nc3 Rc2 38. Qe3 Kf7 39. Ne4 Qb5 40. d7
1-0

[Event "Czech open A"]
[Site "?"]
[Date "2013.07.21"]
[Round "3.83"]
[White "Drnovsek, Gal"]
[Black "Tomazini, Aljosa"]
[Result "1/2-1/2"]
[WhiteElo "2203"]
[BlackElo "2306"]
[PlyCount "158"]
[EventDate "2013.??.??"]
[TimeControl "6000+920"]
[WhiteClock "0:01:05"]
[BlackClock "0:02:08"]

1. d4 Nf6 2. c4 g6 3. Nc3 d5 4. cxd5 Nxd5 5. e4 Nxc3 6. bxc3 Bg7 7. Bc4 c5 8.
Ne2 O-O 9. O-O Nc6 10. Be3 Na5 11. Bd3 b6 12. Rc1 e6 13. dxc5 Qc7 14. cxb6 axb6
15. c4 Nb7 16. Nc3 Nc5 17. Bb1 Bb7 18. f3 Be5 19. h3 Qe7 20. Nb5 Qh4 21. f4 Bg7
22. Bxc5 bxc5 23. Qg4 Qe7 24. e5 Rfd8 25. Rcd1 Bc6 26. Qe2 Bh6 27. Qf2 Rxd1 28.
Rxd1 Qb7 29. Qxc5 Bxg2 30. Qf2 Bc6 31. Bd3 Bxb5 32. cxb5 Ra4 33. Bc2 Ra8 34. a4
Rc8 35. Bd3 Bf8 36. Kh2 Bc5 37. Qg2 Qa7 38. Qe4 Ba3 39. Rg1 Rd8 40. Bc2 Bc5 41.
Rd1 Rxd1 42. Bxd1 Qd7 43. Qf3 Qd2+ 44. Be2 Qd4 45. h4 Qxa4 46. Kh3 h5 47. Bd3
Qd4 48. Kg3 Kg7 49. Kh3 Bb6 50. Kg3 Qg1+ 51. Kh3 Bf2 52. Be2 Be3 53. Bf1 Bb6
54. Bd3 Bd8 55. Qg3 Qh1+ 56. Qh2 Qf3+ 57. Qg3 Qh1+ 58. Qh2 Qxh2+ 59. Kxh2 Bxh4
60. b6 Bd8 61. b7 Bc7 62. Kg3 Kh6 63. Kh4 Bb8 64. Bc4 Kg7 65. Kg3 Kf8 66. Kf3
Ke7 67. Bd3 Kd8 68. Bb5 Ke7 69. Bd3 Kf8 70. Bc4 Kg7 71. Kg3 Bc7 72. Bb3 f6 73.
Bxe6 fxe5 74. fxe5 Bxe5+ 75. Kf3 Kf6 76. Bd7 Bb8 77. Be8 Kg7 78. Bxg6 Kxg6 79.
Kg2 Kg5 1/2-1/2